[Event "BCF-chT3W 2223 (4NCL)"]
[Site "England"]
[Date "2023.05.01"]
[Round "11.55"]
[White "Ethelontis, Alexandros N"]
[Black "Truman, Richard G"]
[Result "1/2-1/2"]
[WhiteElo "2009"]
[BlackElo "2005"]
[PlyCount "105"]
[EventDate "2022.10.22"]
[EventType "team-tourn"]
[EventRounds "11"]
[EventCountry "ENG"]
[SourceTitle "EXT 2024"]
[Source "ChessBase"]
[SourceDate "2023.10.10"]
[SourceVersion "1"]
[SourceVersionDate "2023.10.10"]
[SourceQuality "1"]
[WhiteTeam "Barnet Knights II"]
[BlackTeam "Ashfield"]
[WhiteTeamCountry "ENG"]
[BlackTeamCountry "ENG"]

1. c4 Nf6 2. g3 g6 3. Bg2 d5 4. cxd5 Nxd5 5. Qb3 c6 6. Nc3 Nb6 7. Nf3 Be6 8. Qc2 Bg7 9. 0-0 Na6 10. d4 0-0 11. Rd1 Nb4 12. Qe4 Bf5 13. Qh4 Bc2 14. Rf1 Nc4 15. Bh6 Nd6 16. e4 f6 17. Bxg7 Kxg7 18. d5 c5 19. Rac1 Bd3 20. Rfd1 Ba6 21. Ne1 c4 22. Nf3 Qb6 23. Nd4 Rf7 24. Ne6+ Kg8 25. Bf1 Nd3 26. Bxd3 cxd3 27. b3 Rc8 28. Qf4 Qa5 29. Na4 b6 30. f3 Rc2 31. Rxc2 dxc2 32. Rc1 Bc8 33. Rxc2 Bxe6 34. dxe6 Rf8 35. Qe3 Qe5 36. Rc7 Qxe6 37. Nc3 Rc8 38. Rxc8+ Qxc8 39. Qd4 Qc5 40. Qxc5 bxc5 41. Kf2 e5 42. Ke3 c4 43. b4 Kf7 44. a4 Ke6 45. a5 f5 46. b5 Kd7 47. exf5 gxf5 48. g4 fxg4 49. fxg4 Kc7 50. h4 Nb7 51. Ke4 Nxa5 52. Kxe5 Nb3 53. g5 1/2-1/2

[Event "BCF-chT2 2223 (4NCL)"]
[Site "England"]
[Date "2022.10.22"]
[Round "1.27"]
[White "Ethelontis, Alexandros N"]
[Black "Zakarian, Dimitrios Levon"]
[Result "1-0"]
[WhiteElo "2040"]
[BlackElo "2097"]
[PlyCount "45"]
[EventDate "2022.10.22"]
[EventType "team-tourn"]
[EventRounds "11"]
[EventCountry "ENG"]
[SourceTitle "EXT 2024"]
[Source "ChessBase"]
[SourceDate "2023.10.10"]
[SourceVersion "1"]
[SourceVersionDate "2023.10.10"]
[SourceQuality "1"]
[WhiteTeam "Barnet Knights"]
[BlackTeam "Oxford"]
[WhiteTeamCountry "ENG"]
[BlackTeamCountry "ENG"]

1. c4 Nf6 2. g3 e6 3. Bg2 d5 4. Nf3 Be7 5. 0-0 0-0 6. b3 d4 7. e3 c5 8. exd4 cxd4 9. Re1 Nc6 10. Ba3 Re8 11. d3 Bxa3 12. Nxa3 e5 13. Nc2 Bf5 14. b4 Qd6 15. b5 Nd8 16. Qe2 Ne6 17. Qxe5 Qxe5 18. Nxe5 Rab8 19. Nb4 Nc5 20. h3 h5 21. Rad1 Re7 22. Nf3 Rd7 23. Re5 1-0

[Event "GBR-ch 108th"]
[Site "Torquay"]
[Date "2022.08.21"]
[Round "9"]
[White "Ethelontis, Alexandros N"]
[Black "Salmons, Calum"]
[Result "0-1"]
[WhiteElo "2055"]
[BlackElo "1944"]
[PlyCount "56"]
[EventDate "2022.08.13"]
[EventType "swiss"]
[EventRounds "9"]
[EventCountry "ENG"]
[SourceTitle "CBM 209 Extra"]
[Source "ChessBase"]
[SourceDate "2022.09.30"]
[SourceVersion "1"]
[SourceVersionDate "2022.09.30"]
[SourceQuality "1"]

1. Nf3 d5 2. c4 d4 3. b4 c5 4. Qa4+ Bd7 5. b5 Qc7 6. d3 e5 7. g3 h6 8. Bg2 Bd6 9. 0-0 Nf6 10. e3 0-0 11. exd4 exd4 12. Bb2 Bf5 13. Qc2 Nbd7 14. Nbd2 Rfe8 15. Rfe1 Ng4 16. a4 Nge5 17. Bf1 a5 18. Rad1 Re7 19. Rb1 b6 20. Red1 Rae8 21. Nh4 Bh7 22. Ng2 g5 23. Re1 h5 24. Kh1 Nf6 25. h4 Nfg4 26. Ne4 Nf3 27. Red1 f5 28. Nd2 Nxf2# 0-1

[Event "GBR-ch 108th"]
[Site "Torquay"]
[Date "2022.08.20"]
[Round "8"]
[White "Payne, Matthew"]
[Black "Ethelontis, Alexandros N"]
[Result "1/2-1/2"]
[WhiteElo "2155"]
[BlackElo "2055"]
[PlyCount "91"]
[EventDate "2022.08.13"]
[EventType "swiss"]
[EventRounds "9"]
[EventCountry "ENG"]
[SourceTitle "CBM 209 Extra"]
[Source "ChessBase"]
[SourceDate "2022.09.30"]
[SourceVersion "1"]
[SourceVersionDate "2022.09.30"]
[SourceQuality "1"]

1. e4 e6 2. d4 d5 3. e5 c5 4. c3 Nc6 5. Nf3 Bd7 6. Be2 Nge7 7. 0-0 Nf5 8. dxc5 Bxc5 9. Bd3 Nh4 10. Nbd2 Ng6 11. Nb3 Bb6 12. Re1 Qb8 13. Qe2 Bc7 14. Bxg6 hxg6 15. Nc5 Bc8 16. Bf4 b6 17. Qb5 bxc5 18. Qxc6+ Bd7 19. Qxc5 Bb6 20. Qa3 Qc7 21. Be3 Rc8 22. Rac1 Bc5 23. Bxc5 Qxc5 24. Qxc5 Rxc5 25. Nd4 g5 26. a4 Ke7 27. b3 Rhc8 28. Re3 a5 29. g3 g4 30. h3 gxh3 31. f4 Rg8 32. Kh2 g5 33. Kxh3 Rcc8 34. fxg5 Rxg5 35. Kg2 Rh8 36. Rh1 Rxh1 37. Kxh1 f6 38. exf6+ Kxf6 39. Kg2 e5 40. Nf3 Rh5 41. Re1 Bh3+ 42. Kf2 Bg4 43. Nh4 Rh8 44. Ke3 Rb8 45. Rb1 Bd7 46. Nf3 1/2-1/2

[Event "GBR-ch 108th"]
[Site "Torquay"]
[Date "2022.08.14"]
[Round "2"]
[White "Ethelontis, Alexandros N"]
[Black "Pert, Richard G"]
[Result "0-1"]
[WhiteElo "2055"]
[BlackElo "2411"]
[PlyCount "52"]
[EventDate "2022.08.13"]
[EventType "swiss"]
[EventRounds "9"]
[EventCountry "ENG"]
[SourceTitle "CBM 209 Extra"]
[Source "ChessBase"]
[SourceDate "2022.09.30"]
[SourceVersion "1"]
[SourceVersionDate "2022.09.30"]
[SourceQuality "1"]

1. Nf3 d5 2. c4 d4 3. b4 g5 4. Nxg5 e5 5. Ne4 Bxb4 6. Qa4+ Nc6 7. Ba3 Qe7 8. Bxb4 Qxb4 9. Qxb4 Nxb4 10. Na3 Bf5 11. Ng3 Bg6 12. d3 0-0-0 13. Kd2 f5 14. Nc2 Nxc2 15. Kxc2 Nf6 16. f3 c5 17. Rb1 Kc7 18. h4 f4 19. Ne4 Bxe4 20. dxe4 Nh5 21. g4 fxg3 22. Bh3 Nf4 23. Kd2 Rhg8 24. Rbg1 Rd6 25. Bf5 g2 26. Rh2 Ra6 0-1

[Event "BCF-chT 2122 (4NCL)"]
[Site "England"]
[Date "2022.05.02"]
[Round "9.88"]
[White "Ethelontis, Alexandros N"]
[Black "Tarling, Adam"]
[Result "1-0"]
[WhiteElo "2119"]
[BlackElo "1384"]
[PlyCount "49"]
[EventDate "2021.11.27"]
[EventType "team-swiss"]
[EventRounds "11"]
[EventCountry "ENG"]
[SourceTitle "EXT 2023"]
[Source "ChessBase"]
[SourceDate "2022.10.05"]
[SourceVersion "1"]
[SourceVersionDate "2022.10.05"]
[SourceQuality "1"]
[WhiteTeam "Barnet Knights"]
[BlackTeam "Guildford Castles"]
[WhiteTeamCountry "ENG"]
[BlackTeamCountry "ENG"]

1. Nf3 Nf6 2. c4 e6 3. g3 d5 4. Bg2 Be7 5. 0-0 0-0 6. b3 b6 7. Bb2 Bb7 8. e3 Nbd7 9. Nc3 Rc8 10. Qe2 c5 11. Rad1 a6 12. cxd5 Nxd5 13. e4 Nb4 14. d4 Qc7 15. d5 exd5 16. Nxd5 Nxd5 17. exd5 Bd6 18. Ng5 h6 19. Ne4 Rfe8 20. Qg4 Be5 21. Bc1 Kf8 22. Be3 Nf6 23. Nxf6 Bxf6 24. d6 Qb8 25. Bxb7 1-0

[Event "BCF-chT 2122 (4NCL)"]
[Site "England"]
[Date "2022.02.12"]
[Round "3.65"]
[White "Duncan, Christopher R"]
[Black "Ethelontis, Alexandros N"]
[Result "1-0"]
[WhiteElo "2191"]
[BlackElo "2119"]
[PlyCount "87"]
[EventDate "2021.11.27"]
[EventType "team-swiss"]
[EventRounds "11"]
[EventCountry "ENG"]
[SourceTitle "EXT 2023"]
[Source "ChessBase"]
[SourceDate "2022.10.05"]
[SourceVersion "1"]
[SourceVersionDate "2022.10.05"]
[SourceQuality "1"]
[WhiteTeam "Blackthorne Russia"]
[BlackTeam "Barnet Knights"]
[WhiteTeamCountry "ENG"]
[BlackTeamCountry "ENG"]

1. Nf3 f5 2. d3 Nc6 3. e4 e5 4. Nc3 Bb4 5. a3 Bxc3+ 6. bxc3 Nf6 7. exf5 d5 8. Rb1 0-0 9. Be2 Bxf5 10. Rxb7 Qd6 11. 0-0 h6 12. h3 Nd7 13. Rb1 Be6 14. Nh2 Nf6 15. Ng4 Nd7 16. Qd2 Rf7 17. a4 Nf6 18. Rb3 Qd7 19. Qd1 Rd8 20. Nxf6+ Rxf6 21. Bg4 Rdf8 22. Qe2 Rg6 23. f3 Rgf6 24. Rb7 Qd6 25. Rb3 Qd7 26. Ba3 R8f7 27. Ra1 g6 28. Re1 Bf5 29. Bc1 h5 30. Bxf5 Rxf5 31. h4 Nd8 32. Rb8 Kg7 33. Qe3 Nc6 34. Qh6+ Kf6 35. Bg5+ Ke6 36. Qxg6+ R5f6 37. Bxf6 Rxf6 38. Re8+ Ne7 39. Qxh5 Rf5 40. Qg6+ Rf6 41. Qg4+ Rf5 42. Rf8 Kd6 43. Rxf5 Nxf5 44. Qg6+ 1-0

[Event "BCF-chT2b 1920 (4NCL)"]
[Site "Daventry"]
[Date "2020.02.09"]
[Round "6.65"]
[White "Okike, David"]
[Black "Ethelontis, Alexandros N"]
[Result "1-0"]
[WhiteElo "2170"]
[BlackElo "2148"]
[PlyCount "63"]
[EventDate "2020.01.11"]
[EventType "team-tourn"]
[EventRounds "11"]
[EventCountry "ENG"]
[SourceTitle "CBM 194 Extra"]
[Source "ChessBase"]
[SourceDate "2020.03.31"]
[SourceVersion "1"]
[SourceVersionDate "2020.03.31"]
[SourceQuality "1"]
[WhiteTeam "Kings Head"]
[BlackTeam "Barnet Knights"]
[WhiteTeamCountry "ENG"]
[BlackTeamCountry "ENG"]

1. e4 e6 2. d4 d5 3. Nc3 Bb4 4. e5 c5 5. a3 Bxc3+ 6. bxc3 Ne7 7. Qg4 Kf8 8. Qd1 Qa5 9. Bd2 Qa4 10. Nf3 b6 11. h4 h6 12. h5 Ba6 13. Bxa6 Nxa6 14. Rh4 c4 15. Rf4 Ke8 16. Nh4 Rd8 17. Qf3 Rf8 18. Kd1 Nb8 19. Qg3 Rg8 20. Rg4 Kd7 21. Rxg7 Rdf8 22. Bxh6 Nbc6 23. Bd2 b5 24. h6 b4 25. Rxg8 Rxg8 26. Qxg8 Nxg8 27. h7 b3 28. hxg8Q b2 29. Qxf7+ Ne7 30. Rb1 Qxa3 31. Rxb2 Qxb2 32. Nf5 1-0

[Event "London Classic op 11th"]
[Site "London"]
[Date "2019.12.03"]
[Round "6"]
[White "Paterek, Michal"]
[Black "Ethelontis, Alexandros N"]
[Result "1-0"]
[WhiteElo "2317"]
[BlackElo "2139"]
[PlyCount "115"]
[EventDate "2019.11.29"]
[EventType "swiss"]
[EventRounds "9"]
[EventCountry "ENG"]
[SourceTitle "CBM 193 Extra"]
[Source "ChessBase"]
[SourceDate "2020.01.31"]
[SourceVersion "1"]
[SourceVersionDate "2020.01.31"]
[SourceQuality "1"]

1. d4 e6 2. c4 Nf6 3. Nc3 Bb4 4. e3 0-0 5. Nge2 Re8 6. a3 Bf8 7. b3 d5 8. Bb2 Nbd7 9. Ng3 b6 10. Bd3 Bb7 11. 0-0 c5 12. Rc1 Rc8 13. Re1 g6 14. Rc2 h5 15. cxd5 exd5 16. dxc5 bxc5 17. h3 h4 18. Nf1 Qb6 19. Rd2 Bh6 20. Na4 Qc6 21. Be2 Ne5 22. Rc2 d4 23. f3 Qd5 24. exd4 cxd4 25. Rxc8 Bxc8 26. Qxd4 Qxd4+ 27. Bxd4 Nd3 28. Rd1 Rxe2 29. Bxf6 Bf5 30. Nc3 Rc2 31. Ne4 Bxe4 32. fxe4 Nf4 33. Rd8+ Bf8 34. Ne3 Re2 35. Nd5 Ne6 36. Nc3 Rc2 37. Rc8 Kh7 38. Kf1 g5 39. b4 Kg6 40. Be5 f6 41. Bxf6 a5 42. bxa5 Bc5 43. Be5 Rf2+ 44. Ke1 Rxg2 45. Ne2 g4 46. Rxc5 Rxe2+ 47. Kxe2 Nxc5 48. Ke3 gxh3 49. Kf3 Kg5 50. Bd6 Na6 51. Be7+ Kh5 52. e5 Nb8 53. Bd6 Na6 54. e6 Kg6 55. Kf2 Kf6 56. e7 Kf7 57. Kg1 Ke8 58. Kh2 1-0

[Event "London Classic op 11th"]
[Site "London"]
[Date "2019.12.02"]
[Round "5"]
[White "Vaishali, Ramesh Babu"]
[Black "Ethelontis, Alexandros N"]
[Result "1-0"]
[WhiteElo "2376"]
[BlackElo "2139"]
[PlyCount "81"]
[EventDate "2019.11.29"]
[EventType "swiss"]
[EventRounds "9"]
[EventCountry "ENG"]
[SourceTitle "CBM 193 Extra"]
[Source "ChessBase"]
[SourceDate "2020.01.31"]
[SourceVersion "1"]
[SourceVersionDate "2020.01.31"]
[SourceQuality "1"]

1. e4 e6 2. d4 d5 3. Nd2 c5 4. Ngf3 Nc6 5. exd5 exd5 6. Bb5 Qe7+ 7. Be2 Qc7 8. dxc5 Bxc5 9. Nb3 Be7 10. 0-0 Nf6 11. Bg5 0-0 12. c3 Be6 13. Nbd4 Rad8 14. Re1 Rfe8 15. Bb5 Ne4 16. Bxe7 Rxe7 17. Bxc6 bxc6 18. Nxc6 Qxc6 19. Rxe4 Rb8 20. Re2 Reb7 21. Nd4 Qc8 22. Qc1 Bg4 23. f3 Bf5 24. Qg5 Be6 25. Qc1 h6 26. b3 Rc7 27. Re3 Rc5 28. Qd2 Rb7 29. Rae1 Rb6 30. R1e2 Kh7 31. Qd3+ g6 32. Re1 h5 33. Ne2 Rbc6 34. Qd4 Ra5 35. Nf4 Rxa2 36. Nxd5 Qf8 37. Nb4 Rd6 38. Qf4 Ra5 39. Rxe6 Rxe6 40. Rxe6 Qc5+ 41. Re3 1-0

[Event "London Classic op 11th"]
[Site "London"]
[Date "2019.12.01"]
[Round "4"]
[White "Ethelontis, Alexandros N"]
[Black "McDonald, Neil R"]
[Result "1/2-1/2"]
[WhiteElo "2139"]
[BlackElo "2412"]
[PlyCount "93"]
[EventDate "2019.11.29"]
[EventType "swiss"]
[EventRounds "9"]
[EventCountry "ENG"]
[SourceTitle "CBM 193 Extra"]
[Source "ChessBase"]
[SourceDate "2020.01.31"]
[SourceVersion "1"]
[SourceVersionDate "2020.01.31"]
[SourceQuality "1"]

1. c4 f5 2. g3 Nf6 3. Bg2 g6 4. Nc3 Bg7 5. e3 0-0 6. Nge2 d6 7. 0-0 e5 8. d3 c6 9. b3 Be6 10. Ba3 Bf7 11. Qd2 a5 12. Rae1 Na6 13. d4 e4 14. f3 exf3 15. Bxf3 Re8 16. Nf4 Nc7 17. d5 b5 18. Bb2 b4 19. Na4 c5 20. Ne6 Bxe6 21. dxe6 Ra7 22. Rd1 Nxe6 23. Qxd6 Qxd6 24. Rxd6 Ne4 25. Bxe4 fxe4 26. Bxg7 Kxg7 27. h4 Rc7 28. g4 Nf8 29. Kg2 Nd7 30. Rf4 Re5 31. g5 Re7 32. Rd5 h6 33. Rd6 hxg5 34. hxg5 Ne5 35. Rxe4 Nf7 36. Rxe7 Rxe7 37. Rd5 Rxe3 38. Nxc5 Re2+ 39. Kf3 Rxa2 40. Ne6+ Kg8 41. Nd4 a4 42. bxa4 Rxa4 43. Rb5 b3 44. Rb8+ Kh7 45. Rb7 Kg8 46. Rb8+ Kh7 47. Rb7 1/2-1/2

[Event "London Classic op 11th"]
[Site "London"]
[Date "2019.11.30"]
[Round "2"]
[White "Volovich, Julia"]
[Black "Ethelontis, Alexandros N"]
[Result "0-1"]
[WhiteElo "1753"]
[BlackElo "2139"]
[PlyCount "88"]
[EventDate "2019.11.29"]
[EventType "swiss"]
[EventRounds "9"]
[EventCountry "ENG"]
[SourceTitle "CBM 193 Extra"]
[Source "ChessBase"]
[SourceDate "2020.01.31"]
[SourceVersion "1"]
[SourceVersionDate "2020.01.31"]
[SourceQuality "1"]

1. d4 e6 2. c4 Nf6 3. Nc3 Bb4 4. Qc2 c5 5. dxc5 0-0 6. a3 Bxc5 7. Bf4 Nc6 8. e3 Be7 9. Nf3 Qa5 10. 0-0-0 d5 11. Nb5 dxc4 12. Nc7 e5 13. Nxa8 exf4 14. Bxc4 Bf5 15. Qb3 Qc5 16. Qb5 Rxa8 17. Qxc5 Bxc5 18. Rhe1 fxe3 19. fxe3 Rc8 20. Bd3 Be6 21. Bc2 g6 22. Ng5 Bg4 23. Nf3 h6 24. h3 Be6 25. Kb1 Kg7 26. g4 Nd5 27. Bb3 Nc3+ 28. bxc3 Bxb3 29. Rd7 Na5 30. Nd4 Bc4 31. Kb2 Kf8 32. Nc2 Be6 33. Rd3 Nc4+ 34. Kb1 Nxa3+ 35. Nxa3 Bxa3 36. Red1 Ke7 37. Kc2 Bc5 38. Rb1 b6 39. Ra1 a5 40. Ra4 Rh8 41. h4 Kf6 42. Rf4+ Ke5 43. Ra4 h5 44. g5 Bf5 0-1

[Event "GBR-ch Major 106th"]
[Site "Torquay"]
[Date "2019.08.01"]
[Round "6"]
[White "Rushbrooke, Remy"]
[Black "Ethelontis, Alexandros N"]
[Result "1/2-1/2"]
[WhiteElo "1963"]
[BlackElo "2154"]
[PlyCount "71"]
[EventDate "2019.07.27"]
[EventType "swiss"]
[EventRounds "9"]
[EventCountry "ENG"]
[SourceTitle "EXT 2020"]
[Source "ChessBase"]
[SourceDate "2019.10.17"]
[SourceVersion "1"]
[SourceVersionDate "2019.10.17"]
[SourceQuality "1"]

1. d4 e6 2. Nf3 Nf6 3. Bg5 h6 4. Bh4 g5 5. Bg3 Ne4 6. Nbd2 Nxg3 7. hxg3 Bg7 8. e3 d6 9. Bd3 Nc6 10. c4 Bd7 11. Ne4 Qe7 12. a3 a5 13. Rb1 b6 14. Nc3 g4 15. Nh4 Qg5 16. Ne4 Qh5 17. Kd2 a4 18. Nf5 Qxf5 19. Nxd6+ cxd6 20. Bxf5 exf5 21. b4 axb3 22. Qxb3 0-0 23. Qxb6 Rxa3 24. Qc7 Ra2+ 25. Kc3 Rd8 26. Ra1 Rxf2 27. Ra6 Re8 28. Re1 Nxd4 29. exd4 Rxe1 30. Qxd7 Re3+ 31. Kb4 Rb2+ 32. Ka4 Ra2+ 33. Kb4 Rb2+ 34. Ka4 Ra2+ 35. Kb4 Rb2+ 36. Ka4 1/2-1/2

[Event "GBR-ch Major 106th"]
[Site "Torquay"]
[Date "2019.07.29"]
[Round "3"]
[White "Ethelontis, Alexandros N"]
[Black "Brown, Tom"]
[Result "1/2-1/2"]
[WhiteElo "2154"]
[BlackElo "1953"]
[PlyCount "87"]
[EventDate "2019.07.27"]
[EventType "swiss"]
[EventRounds "9"]
[EventCountry "ENG"]
[SourceTitle "EXT 2020"]
[Source "ChessBase"]
[SourceDate "2019.10.17"]
[SourceVersion "1"]
[SourceVersionDate "2019.10.17"]
[SourceQuality "1"]

1. c4 e5 2. g3 Nc6 3. Nc3 g6 4. Bg2 Bg7 5. e3 d6 6. Nge2 Nge7 7. Rb1 a5 8. d3 0-0 9. 0-0 Be6 10. Nd5 Qd7 11. a3 f5 12. b4 axb4 13. axb4 Nd8 14. Qc2 Nc8 15. e4 c6 16. Ndc3 Ne7 17. b5 h6 18. Na4 Qc7 19. Be3 c5 20. Nac3 g5 21. f4 fxe4 22. Nxe4 Nf5 23. Bf2 exf4 24. gxf4 g4 25. N4g3 Nh4 26. Be4 Nf5 27. Nxf5 Bxf5 28. d4 Bxe4 29. Qxe4 cxd4 30. Qd5+ Qf7 31. Bxd4 Ra2 32. Bxg7 Kxg7 33. Nd4 Qxd5 34. cxd5 Re8 35. f5 Re4 36. Rb4 Kf6 37. b6 Rd2 38. Nc6 Ree2 39. Rxg4 bxc6 40. Rg6+ Kf7 41. Rb1 cxd5 42. Rxh6 Nc6 43. b7 Nd4 44. Rh3 1/2-1/2

[Event "BCF-chT2 1819 (4NCL) Promotion"]
[Site "England"]
[Date "2019.05.06"]
[Round "11.44"]
[White "Ethelontis, Alexandros N"]
[Black "McPhillips, Karl"]
[Result "1-0"]
[WhiteElo "2185"]
[BlackElo "2243"]
[PlyCount "78"]
[EventDate "2018.11.10"]
[EventType "team-tourn"]
[EventRounds "11"]
[EventCountry "ENG"]
[SourceTitle "EXT 2021"]
[Source "ChessBase"]
[SourceDate "2020.10.23"]
[SourceVersion "1"]
[SourceVersionDate "2020.10.23"]
[SourceQuality "1"]
[WhiteTeam "Barnet Knights"]
[BlackTeam "Gonzaga"]
[WhiteTeamCountry "ENG"]
[BlackTeamCountry "ENG"]

1. c4 e5 2. Nc3 Nc6 3. g3 g6 4. Bg2 Bg7 5. d3 d6 6. e4 f5 7. Nge2 Nf6 8. 0-0 0-0 9. Nd5 Ne7 10. Bg5 Nfxd5 11. cxd5 f4 12. gxf4 exf4 13. Nxf4 Bxb2 14. Ne6 Bxe6 15. dxe6 Bf6 16. Bh6 Bg7 17. Bxg7 Kxg7 18. f4 Rf6 19. Qg4 c6 20. Rab1 b5 21. Kh1 Qa5 22. f5 Raf8 23. Qg3 Qa3 24. Rf3 Qc5 25. Rbf1 Qe5 26. Qg4 c5 27. Rh3 d5 28. Qh4 h5 29. Qg5 Rh8 30. Rhf3 a5 31. Qe3 d4 32. Qe1 c4 33. Qxa5 c3 34. Qa7 Re8 35. Rg3 Kh6 36. Qd7 Qb8 37. Qxd4 Ref8 38. Qxc3 h4 39. Qd2+ Kg7 1-0

[Event "London Classic op 10th"]
[Site "London"]
[Date "2018.12.16"]
[Round "9"]
[White "Ethelontis, Alexandros N"]
[Black "Gerlach, Felix Tobias"]
[Result "1-0"]
[WhiteElo "2187"]
[BlackElo "2050"]
[PlyCount "74"]
[EventDate "2018.12.09"]
[EventType "swiss"]
[EventRounds "9"]
[EventCountry "ENG"]
[SourceTitle "CBM 187 Extra"]
[Source "ChessBase"]
[SourceDate "2018.11.04"]
[SourceVersion "1"]
[SourceVersionDate "2018.11.04"]
[SourceQuality "1"]

1. c4 Nf6 2. g3 g6 3. Bg2 Bg7 4. Nc3 0-0 5. d3 c5 6. a3 Nc6 7. Rb1 a5 8. e3 e6 9. Qb3 Ne5 10. Na4 d5 11. Nxc5 dxc4 12. dxc4 Qc7 13. Na4 Nxc4 14. Ne2 Bd7 15. Nd4 b5 16. Nc3 Rab8 17. Ndxb5 Qc5 18. a4 Nd5 19. 0-0 Bxb5 20. Nxb5 Nc7 21. Qc2 Nxb5 22. axb5 Qxb5 23. b3 Rfc8 24. Qa2 a4 25. b4 Bf8 26. Rd1 Bxb4 27. Bf1 Qc6 28. Rd4 Ne5 29. Rdxb4 Rxb4 30. Rxb4 Qxc1 31. Rxa4 Nf3+ 32. Kg2 Nd2 33. Bd3 Qd1 34. Rf4 Rc1 35. Qa8+ Kg7 36. Qa7 Qh1+ 37. Kh3 Rc2 1-0

[Event "London Classic op 10th"]
[Site "London"]
[Date "2018.12.11"]
[Round "3"]
[White "Royal, Shreyas"]
[Black "Ethelontis, Alexandros N"]
[Result "1/2-1/2"]
[WhiteElo "1930"]
[BlackElo "2187"]
[PlyCount "137"]
[EventDate "2018.12.09"]
[EventType "swiss"]
[EventRounds "9"]
[EventCountry "ENG"]
[SourceTitle "CBM 187 Extra"]
[Source "ChessBase"]
[SourceDate "2018.11.04"]
[SourceVersion "1"]
[SourceVersionDate "2018.11.04"]
[SourceQuality "1"]

1. d4 e6 2. g3 Nf6 3. c4 c5 4. Nf3 cxd4 5. Nxd4 Bb4+ 6. Bd2 Bc5 7. Nb3 Be7 8. Bg2 Nc6 9. 0-0 0-0 10. Nc3 d6 11. Bf4 h6 12. Qd2 e5 13. Be3 Be6 14. Nd5 Qd7 15. Rfd1 Rfd8 16. Qe1 Ng4 17. Rac1 Bxd5 18. cxd5 Nxe3 19. fxe3 Nb8 20. Qf2 Na6 21. Rf1 Rf8 22. Be4 g6 23. a3 Rac8 24. Rxc8 Qxc8 25. Bd3 Qd8 26. Nd2 Nc5 27. b4 Nd7 28. Nc4 Nb6 29. e4 Nxc4 30. Bxc4 Qc7 31. Bd3 a6 32. Qg2 Qb6+ 33. Kh1 Qc7 34. Kg1 Kg7 35. Qf2 h5 36. Qe3 Bd8 37. Kg2 Qb6 38. Qd2 h4 39. g4 Qd4 40. a4 Rh8 41. h3 a5 42. bxa5 Qxa4 43. Qb2 Qxa5 44. Qxb7 Rf8 45. Qd7 Qc5 46. Qc6 Qb4 47. Rb1 Qd2 48. Rf1 Be7 49. Qc1 Qa5 50. Qb1 Bg5 51. Qb5 Qa3 52. Qb1 Ra8 53. Qb5 Bf4 54. Qb6 Rc8 55. Qf2 g5 56. Qg1 Rc3 57. Ra1 Rxd3 58. Rxa3 Rxa3 59. e3 Rxe3 60. Qb1 Rg3+ 61. Kf2 Be3+ 62. Ke2 Rxh3 63. Qb8 Bc5 64. Qd8 Re3+ 65. Kd2 h3 66. Qxg5+ Kf8 67. Qd8+ Kg7 68. Qg5+ Kh7 69. Qh5+ 1/2-1/2

[Event "BCF-chT3S 1718 (4NCL) Promotion pool"]
[Site "England"]
[Date "2018.03.25"]
[Round "8.15"]
[White "Ethelontis, Alexandros N"]
[Black "Dickinson, Timothy R"]
[Result "1-0"]
[WhiteElo "2151"]
[BlackElo "2080"]
[PlyCount "25"]
[EventDate "2017.11.11"]
[EventType "team-tourn"]
[EventRounds "11"]
[EventCountry "ENG"]
[SourceTitle "EXT 2020"]
[Source "ChessBase"]
[SourceDate "2019.10.17"]
[SourceVersion "1"]
[SourceVersionDate "2019.10.17"]
[SourceQuality "1"]
[WhiteTeam "Barnet Knights"]
[BlackTeam "Oxford II"]
[WhiteTeamCountry "ENG"]
[BlackTeamCountry "ENG"]

1. c4 e5 2. g3 Nf6 3. Bg2 Nc6 4. Nc3 Bb4 5. Nd5 Nxd5 6. cxd5 Ne7 7. Nf3 Bd6 8. d4 e4 9. Ng5 f5 10. Qb3 h6 11. Nh3 0-0 12. Bf4 Bxf4 13. d6+ 1-0

[Event "London Classic op"]
[Site "London"]
[Date "2017.12.05"]
[Round "5"]
[White "Murphy, Conor"]
[Black "Ethelontis, Alexandros N"]
[Result "1-0"]
[WhiteElo "2313"]
[BlackElo "2154"]
[PlyCount "127"]
[EventDate "2017.12.02"]
[EventType "swiss"]
[EventRounds "9"]
[EventCountry "ENG"]
[SourceTitle "CBM 182 Extra"]
[Source "ChessBase"]
[SourceDate "2018.02.23"]
[SourceVersion "1"]
[SourceVersionDate "2018.02.23"]
[SourceQuality "1"]

1. e4 e6 2. d4 d5 3. Nd2 c5 4. exd5 Qxd5 5. Ngf3 cxd4 6. Bc4 Qd6 7. 0-0 Nf6 8. Nb3 Nc6 9. Nbxd4 Nxd4 10. Nxd4 Bd7 11. c3 Qc7 12. Qe2 0-0-0 13. g3 Bd6 14. Nb5 Bxb5 15. Bxb5 h5 16. Qc4 h4 17. Qxc7+ Bxc7 18. Be3 Ng4 19. Bd4 e5 20. Bxa7 hxg3 21. hxg3 Rd2 22. Rad1 Rhd8 23. Rb1 e4 24. Bd4 Be5 25. Rfd1 e3 26. Rxd2 exd2 27. Be2 f5 28. Bxe5 Nxe5 29. Rd1 g5 30. f3 Kc7 31. a4 f4 32. gxf4 gxf4 33. b4 b6 34. Kf1 Ng6 35. Bb5 Nh4 36. Ke2 Rg8 37. Rxd2 Rg2+ 38. Kd1 Rg1+ 39. Kc2 Nxf3 40. Rf2 Rg3 41. Be8 Ng1 42. Rxf4 Rxc3+ 43. Kxc3 Ne2+ 44. Kc4 Nxf4 45. Bf7 Kd6 46. Kb5 Kc7 47. Bc4 Kb7 48. Bf1 Ne6 49. Bg2+ Ka7 50. Kc6 Nd4+ 51. Kc7 Nc2 52. b5 Ne3 53. Bf1 Nd5+ 54. Kc6 Nb4+ 55. Kd6 Na2 56. Bd3 Nc3 57. Bc2 Kb7 58. Kd7 Ka7 59. Kc6 Na2 60. Kc7 Nc3 61. Bb3 Ne4 62. a5 bxa5 63. b6+ Ka6 64. Bc4# 1-0

[Event "London Classic op"]
[Site "London"]
[Date "2017.12.04"]
[Round "4"]
[White "Ethelontis, Alexandros N"]
[Black "Sowray, Peter John"]
[Result "1/2-1/2"]
[WhiteElo "2154"]
[BlackElo "2357"]
[PlyCount "111"]
[EventDate "2017.12.02"]
[EventType "swiss"]
[EventRounds "9"]
[EventCountry "ENG"]
[SourceTitle "CBM 182 Extra"]
[Source "ChessBase"]
[SourceDate "2018.02.23"]
[SourceVersion "1"]
[SourceVersionDate "2018.02.23"]
[SourceQuality "1"]

1. c4 e6 2. g3 d5 3. Bg2 Nf6 4. Nf3 dxc4 5. 0-0 c5 6. Na3 Nc6 7. Nxc4 Be7 8. b3 0-0 9. Bb2 Qc7 10. Nfe5 Bd7 11. e3 Rfd8 12. Rc1 Be8 13. Qe2 Rac8 14. Rfd1 b5 15. Nxc6 Bxc6 16. Bxc6 Qxc6 17. Ne5 Qb7 18. d4 cxd4 19. Bxd4 a6 20. Bb2 Nd5 21. e4 Nf6 22. f3 Qb6+ 23. Kg2 Rxc1 24. Rxc1 Bc5 25. Rd1 h6 26. Rxd8+ Qxd8 27. Qd3 Qa5 28. a3 Qe1 29. Kh3 Qf2 30. Bc3 Be3 31. a4 h5 32. axb5 axb5 33. Qxb5 g5 34. Qd3 Kh7 35. b4 Bb6 36. b5 Be3 37. Qc4 g4+ 38. fxg4 hxg4+ 39. Nxg4 Nxg4 40. Kxg4 Qxh2 41. Qd3 Qf2 42. Be5 Kg6 43. Bf4 Bxf4 44. gxf4 Qg2+ 45. Kh4 Kh6 46. e5 Qh2+ 47. Kg4 Qg2+ 48. Kh4 Qh2+ 49. Kg4 Qg2+ 50. Qg3 Qe2+ 51. Qf3 Qxb5 52. Kh4 Qb1 53. Qh5+ Kg7 54. Qg5+ Kh7 55. Qh5+ Kg7 56. Qg5+ 1/2-1/2